| 000 | 00460nam a22001457a 4500 | ||
|---|---|---|---|
| 003 | macl | ||
| 005 | 20181106124802.0 | ||
| 008 | 181106b xxu||||| |||| 00| 0 eng d | ||
| 040 | _cmacl | ||
| 100 |
_aArihnat _973169 |
||
| 245 | _aरेलवे भर्ती बोर्ड्रस ग्रुप- डी 65 सॉल्व्ड पेपर्स | ||
| 260 |
_aDelhi _bArihnat _c2018 |
||
| 650 |
_aरेलवे _973170 |
||
| 942 |
_2ddc _cHIN |
||
| 999 |
_c58547 _d58547 |
||